Регионална библиотека "Любен Каравелов" - Русе

Richard III (Запис номер 156284)

MARC детайли
000 -Лидер
Контролно поле с фиксирана дължина 00840nam a2200289 c 4500
003 - Код на организацията, давaща контролен номер
Контролно поле BLK
005 - Дата и час на последна редакция
Контролно поле 20180420234305.0
008 - Елементи от данни с фиксирана дължина
fixed length control field 180410b bul|||||r ||||||| ||bul||
010 ## - Наследен системен номер
LC control number KNG00163087000
020 ## - Международен стандартен номер на книга ISBN
Международен стандартен номер на книга ISBN 1-85326-055-X
-- издат.: Wordsworth
040 ## - Източник на каталожния запис
Идентификатор на билиотеката - собственик на записа BLK
041 ## - Код за език
Код за езика на текст/звукозапис или на отделно заглавие Английски
Код за езика КДБФ Английски
080 ## - УДК
Текстов определител УДК Английска литература
УДК код - определител по УДК 821.111
УДК определител -2
УДК - код + определител 821.111-2
100 1# - Редна дума - Автор
Автор Shakespeare, William
Авторска отговорност първи автор
R(LIN) 24252
139 ## - Редно поле
Редна дума Shakespeare, William
Авторски знак Sh - S 53
245 10 - Сведения за заглавието
Заглавие Richard III
Редно поле (дума) William Shakespeare.
257 ## - Страна на издаване
Страна на създаване/издаване Великобритания
260 ## - Област на издателските данни
-- Hertfordshire
Име на издателя, разпространителя и проч. Wordsworth
Година на издаване 1993
300 ## - Физическа характеристика
Страници 166 c.
Размери/Мащаб 18 см
380 ## - Жанр
Жанр Худож. лит.
490 1# - СЕРИИ (Колекции)
Име на серия Wordsworth classics
852 ## - Местоположение
Форматна сигнатура Цб І 27082
856 4# - Електронен адрес и достъп
Електронен формат pdf - файл
Път до файла /url/
856 4# - Електронен адрес и достъп
Електронен формат pdf - файл
Път до файла /url/
942 ## - АРТИКУЛИ
Вид на библиотечния материал Книги
Скрит в OPAC Не
944 ## - СЪЗДАВАНЕ И РЕДАКЦИЯ на ЗАПИСА
Създаване/Редакция Създаване
Дата на регистрацията/редакция 16.07.2014
Служител, извършил регистрацията/редакцията Пенка_Димитрова
944 ## - СЪЗДАВАНЕ И РЕДАКЦИЯ на ЗАПИСА
Създаване/Редакция Редакция
Дата на регистрацията/редакция 04.09.2014
Служител, извършил регистрацията/редакцията
999 ## - СИСТЕМНИ КОНТРОЛНИ НОМЕРА
Koha biblionumber 156284
Koha biblioitemnumber 156284
Наличности
Код за отписване Код за изгубен артикул Код за повреда Коз за рестрикции Код за отдаване Артикулен № Име на библиотеката - собственик Име на библиотеката, в която се намира в момента Статус (Текущо местоположение) Дата на вписване в системата Местоположение - отдел Цена в лева Инвентарен номер Систематично азбучна сигнатура Баркод Номер на екземпляра Цена в евро Служебна бележка Служебен тип на артикула
  Не е изгубен Не е повреден без рестрикции заемане за дома 261939 Регионална библиотека "Любен Каравелов" Русе Регионална библиотека "Любен Каравелов" Русе ЧЧЗО - англ. ез. - Британски съвет 2014-09-08 ЧЧЗО - англ. ез. - Британски съвет 8.00 120000780438 Цб І 27082 120000780438 1 4.09 Дост: DA Вид: А N: 17 Дата: 08.09.2014 Дата инв: 13.03.2015 Бележки инв: Ч32015 Книги
Vip Innovations Ltd, Rousse, Bulgaria 2025